[Event "NB I. Maroczy csoport"]
[Site "Budapest"]
[Date "2023.10.29"]
[Round "3.6"]
[White "Halak, Miklos"]
[Black "Zambor, Norbert"]
[Result "1-0"]
[WhiteElo "2235"]
[BlackElo "2203"]
[PlyCount "75"]
[EventDate "2023.10.08"]
[EventType "team-tourn"]
[EventRounds "11"]
[EventCountry "HUN"]
[Source "chess.hu"]
[WhiteTeam "Aquarena Kobanya  II"]
[BlackTeam "Pitypalatty Sakk SE"]
[WhiteTeamCountry "HUN"]
[BlackTeamCountry "HUN"]

1. d4 Nf6 2. Nf3 g6 3. Nc3 Bg7 4. e4 d6 5. Be2 O-O 6. h3 a6 7. a4 Nc6 8. O-O e5
9. d5 Ne7 10. Be3 h6 11. Ne1 Nd7 12. Qd2 Kh7 13. f4 f5 14. fxe5 Nxe5 15. Nf3
Nxf3+ 16. Bxf3 fxe4 17. Bxe4 Nf5 18. Bf2 Qg5 19. Qxg5 hxg5 20. g4 Nh6 21. Rae1
Bd7 22. a5 Rae8 23. Bd3 Rxe1 24. Rxe1 Re8 25. Rxe8 Bxe8 26. Ne4 Bxb2 27. Nxg5+
Kg8 28. Ne6 c6 29. dxc6 Bxc6 30. Bxg6 Bc3 31. Bb6 Nf7 32. Bxf7+ Kxf7 33. Nd8+
Kf6 34. Nxc6 bxc6 35. Kf2 Kg5 36. Kf3 Kh4 37. Bd8+ Kxh3 38. g5 1-0

[Event "NB I. Maroczy csoport"]
[Site "Budapest"]
[Date "2023.10.29"]
[Round "3.7"]
[White "Kovacs, Apollo"]
[Black "Teglas, Balazs"]
[Result "0-1"]
[WhiteElo "2167"]
[BlackElo "2134"]
[PlyCount "68"]
[EventDate "2023.10.08"]
[EventType "team-tourn"]
[EventRounds "11"]
[EventCountry "HUN"]
[Source "chess.hu"]
[WhiteTeam "Pitypalatty Sakk SE"]
[BlackTeam "Aquarena Kobanya  II"]
[WhiteTeamCountry "HUN"]
[BlackTeamCountry "HUN"]

1. d4 Nf6 2. Nf3 d5 3. Bf4 c5 4. e3 cxd4 5. exd4 Nc6 6. c3 e6 7. Bd3 Nh5 8. Bg5
f6 9. Nh4 g6 10. Bc1 Kf7 11. f4 Bd6 12. O-O Qc7 13. g3 Ng7 14. Nd2 Rf8 15. Ndf3
Kg8 16. Bd2 Bd7 17. Qc2 Rac8 18. Rac1 Na5 19. Rce1 b5 20. Qb1 Nc4 21. Bc1 b4
22. b3 Na5 23. cxb4 Bxb4 24. Re2 Qb6 25. g4 Nc6 26. Be3 Bc3 27. Kh1 Nb4 28. f5
exf5 29. Bh6 Nxd3 30. Re7 Rf7 31. Rxf7 Kxf7 32. Bxg7 Kxg7 33. gxf5 g5 34. Nxg5
Qxd4 0-1

[Event "NB I. Maroczy csoport"]
[Site "Budapest"]
[Date "2023.10.29"]
[Round "3.8"]
[White "Foldes, Marton Gabor"]
[Black "Eberth, Zoltan Bela"]
[Result "1-0"]
[WhiteElo "2129"]
[BlackElo "2000"]
[PlyCount "71"]
[EventDate "2023.10.08"]
[EventType "team-tourn"]
[EventRounds "11"]
[EventCountry "HUN"]
[Source "chess.hu"]
[WhiteTeam "Aquarena Kobanya  II"]
[BlackTeam "Pitypalatty Sakk SE"]
[WhiteTeamCountry "HUN"]
[BlackTeamCountry "HUN"]

1. e4 d6 2. d4 Nf6 3. Nc3 e5 4. Nf3 Nbd7 5. Rg1 Be7 6. g4 exd4 7. Nxd4 Nc5 8.
Qf3 g6 9. Bc4 Be6 10. Nxe6 Nxe6 11. Be3 O-O 12. g5 Nd7 13. Bxe6 Ne5 14. Qh3
fxe6 15. f4 Nf7 16. Qxe6 Re8 17. Qg4 c6 18. h4 Qa5 19. h5 Bf8 20. hxg6 hxg6 21.
O-O-O b5 22. Bd4 Bg7 23. Bf6 b4 24. Rh1 bxc3 25. Qh4 cxb2+ 26. Kb1 Bh6 27. gxh6
Kh7 28. Bd4 g5 29. Qh5 Rf8 30. f5 Ne5 31. Qxg5 Qc7 32. Rdg1 Rg8 33. Qg7+ Rxg7
34. hxg7+ Kg8 35. Rh8+ Kf7 36. Rxa8 1-0

[Event "NB I. Maroczy csoport"]
[Site "Budapest"]
[Date "2023.10.29"]
[Round "3.9"]
[White "Mizik, Tamas dr"]
[Black "Dudas, Eszter"]
[Result "1/2-1/2"]
[WhiteElo "2007"]
[BlackElo "2120"]
[PlyCount "42"]
[EventDate "2023.10.08"]
[EventType "team-tourn"]
[EventRounds "11"]
[EventCountry "HUN"]
[Source "chess.hu"]
[WhiteTeam "Pitypalatty Sakk SE"]
[BlackTeam "Aquarena Kobanya  II"]
[WhiteTeamCountry "HUN"]
[BlackTeamCountry "HUN"]

1. e4 e6 2. d4 d5 3. Nd2 Be7 4. Bd3 c5 5. dxc5 Nf6 6. exd5 Qxd5 7. Ngf3 Qxc5 8.
O-O O-O 9. Nb3 Qc7 10. Bg5 Nbd7 11. Qe2 h6 12. Bh4 Bd6 13. Rad1 Nd5 14. Bg3 Nf4
15. Bxf4 Bxf4 16. g3 Bd6 17. Nfd4 Bc5 18. Nb5 Qb6 19. Nc3 Qc7 20. Nb5 Qb6 21.
Nc3 Qc7 1/2-1/2

[Event "NB I. Maroczy csoport"]
[Site "Budapest"]
[Date "2023.10.29"]
[Round "3.10"]
[White "Szabo, Marton Nandor"]
[Black "Barabas, Tibor"]
[Result "1-0"]
[WhiteElo "1999"]
[BlackElo "1873"]
[PlyCount "73"]
[EventDate "2023.10.08"]
[EventType "team-tourn"]
[EventRounds "11"]
[EventCountry "HUN"]
[Source "chess.hu"]
[WhiteTeam "Aquarena Kobanya  II"]
[BlackTeam "Pitypalatty Sakk SE"]
[WhiteTeamCountry "HUN"]
[BlackTeamCountry "HUN"]

1. d4 Nf6 2. c4 e6 3. Nc3 Bb4 4. Qc2 c5 5. dxc5 Na6 6. a3 Bxc3+ 7. Qxc3 Nxc5 8.
b4 Nce4 9. Qb2 d5 10. c5 h6 11. Nh3 b6 12. f3 Ng5 13. Nxg5 hxg5 14. cxb6 Qxb6
15. Bxg5 d4 16. Rd1 e5 17. e4 Bd7 18. Bd3 Rc8 19. Rc1 O-O 20. O-O Rc3 21. Rxc3
dxc3+ 22. Qf2 Qd6 23. Rd1 Ba4 24. Bc2 Qa6 25. Rc1 Rc8 26. Qg3 Nh7 27. Bxa4 Nxg5
28. Bd7 Qxa3 29. Qxg5 Rc7 30. Bf5 f6 31. Qe3 Qxb4 32. Qd3 Qc5+ 33. Kf1 Kf8 34.
Qd5 Qe7 35. Qd3 Qc5 36. Qd8+ Kf7 37. Qd5+ 1-0

[Event "NB I. Maroczy csoport"]
[Site "Budapest"]
[Date "2023.10.29"]
[Round "3.11"]
[White "Karacsony, Zsolt"]
[Black "Csernyik, Mark"]
[Result "0-1"]
[WhiteElo "1941"]
[BlackElo "2031"]
[PlyCount "32"]
[EventDate "2023.10.08"]
[EventType "team-tourn"]
[EventRounds "11"]
[EventCountry "HUN"]
[Source "chess.hu"]
[WhiteTeam "Pitypalatty Sakk SE"]
[BlackTeam "Aquarena Kobanya  II"]
[WhiteTeamCountry "HUN"]
[BlackTeamCountry "HUN"]

1. e4 c5 2. c4 e5 3. Nc3 Nf6 4. d3 Nc6 5. Nf3 d6 6. Bg5 Be7 7. Be2 h6 8. Be3
Nd4 9. h3 Bd7 10. O-O a6 11. Rb1 O-O 12. Nh2 b5 13. b3 Qa5 14. Qd2 Qxc3 15.
Qxc3 Nxe2+ 16. Kh1 Nxc3 0-1

[Event "NB I. Maroczy csoport"]
[Site "Budapest"]
[Date "2023.10.29"]
[Round "3.12"]
[White "Fulop, Peter Benjamin"]
[Black "Kacsandi, Lili Fruzsina"]
[Result "1-0"]
[WhiteElo "1967"]
[BlackElo "1785"]
[PlyCount "101"]
[EventDate "2023.10.08"]
[EventType "team-tourn"]
[EventRounds "11"]
[EventCountry "HUN"]
[Source "chess.hu"]
[WhiteTeam "Aquarena Kobanya  II"]
[BlackTeam "Pitypalatty Sakk SE"]
[WhiteTeamCountry "HUN"]
[BlackTeamCountry "HUN"]

1. e4 e5 2. Nf3 Nc6 3. Bb5 a6 4. Bxc6 dxc6 5. O-O Bg4 6. h3 Bxf3 7. Qxf3 Nf6 8.
d3 h6 9. Qg3 Qd6 10. Nd2 Nh5 11. Qh2 Qe6 12. Nb3 f6 13. g4 Nf4 14. Bxf4 exf4
15. Qxf4 Bd6 16. Nd4 Qf7 17. Qf5 Ke7 18. Qf3 g6 19. Kg2 h5 20. Rh1 Rh7 21. Ne2
Rah8 22. b3 Rh6 23. Ng3 hxg4 24. hxg4 Be5 25. Rxh6 Rxh6 26. Rh1 Rxh1 27. Nxh1
Qh7 28. Qh3 Qxh3+ 29. Kxh3 Kd6 30. Ng3 Kc5 31. Ne2 Kb4 32. d4 Bd6 33. f4 c5 34.
e5 Be7 35. exf6 Bxf6 36. dxc5 Ka3 37. g5 Be7 38. Kg4 Kxa2 39. f5 gxf5+ 40. Kxf5
Bxg5 41. Kxg5 Kb2 42. Kf5 Kxc2 43. Nd4+ Kc3 44. Ke4 Kb4 45. Kd5 Ka5 46. Ne6 Kb4
47. Nd8 b6 48. c6 Kxb3 49. Ne6 a5 50. Nxc7 a4 51. Nb5 1-0

[Event "NB I. Maroczy csoport"]
[Site "Budapest"]
[Date "2023.10.29"]
[Round "3.1"]
[White "Stankovic, Milos"]
[Black "Kun, Gabor"]
[Result "1-0"]
[WhiteElo "2464"]
[BlackElo "2244"]
[PlyCount "99"]
[EventDate "2023.10.08"]
[EventType "team-tourn"]
[EventRounds "11"]
[EventCountry "HUN"]
[Source "chess.hu"]
[WhiteTeam "Maroczy SE I."]
[BlackTeam "Magyar Sakkvilag-SMS"]
[WhiteTeamCountry "HUN"]
[BlackTeamCountry "HUN"]

1. e4 e6 2. d4 d5 3. e5 c5 4. c3 Nc6 5. Nf3 Qb6 6. Bd3 cxd4 7. O-O Bd7 8. Re1
a6 9. a3 Nge7 10. h4 Rc8 11. Bc2 Qc7 12. Bf4 f5 13. Bg3 g6 14. cxd4 Nb4 15. Nc3
Nxc2 16. Qxc2 Bh6 17. Qb3 O-O 18. Ne2 Bb5 19. Bf4 Bg7 20. Nc3 Qc4 21. Qd1 h6
22. Rc1 Bd7 23. Qd2 Kh7 24. Re3 b5 25. Ne1 Nc6 26. Ne2 Qa4 27. b4 a5 28. Nc3
Qxa3 29. Nxd5 Qxc1 30. Qxc1 Nxb4 31. Nc3 Nd5 32. Rf3 b4 33. Bd2 bxc3 34. Bxc3
a4 35. Qa1 Rc4 36. Bb2 Rb8 37. Nd3 Bf8 38. Ba3 Bxa3 39. Qxa3 Rb1+ 40. Kh2 Rxd4
41. Qf8 Rxh4+ 42. Rh3 Rxh3+ 43. gxh3 Bc6 44. Nc5 Nb4 45. Qf7+ Kh8 46. Nxe6 Rh1+
47. Kg3 f4+ 48. Kg4 Rg1+ 49. Kh4 Bf3 50. Qg7# 1-0

[Event "NB I. Maroczy csoport"]
[Site "Budapest"]
[Date "2023.10.29"]
[Round "3.2"]
[White "Nemeth, Zoltan"]
[Black "Palkovi, Jozsef"]
[Result "1/2-1/2"]
[WhiteElo "2196"]
[BlackElo "2383"]
[PlyCount "103"]
[EventDate "2023.10.08"]
[EventType "team-tourn"]
[EventRounds "11"]
[EventCountry "HUN"]
[Source "chess.hu"]
[WhiteTeam "Magyar Sakkvilag-SMS"]
[BlackTeam "Maroczy SE I."]
[WhiteTeamCountry "HUN"]
[BlackTeamCountry "HUN"]

1. b3 e5 2. Bb2 Nc6 3. e3 Nf6 4. c4 g6 5. Nf3 d6 6. d4 Bg4 7. Be2 Bxf3 8. Bxf3
e4 9. Be2 Bg7 10. d5 Nb8 11. Qc2 O-O 12. Nd2 Qe7 13. g4 Nbd7 14. h4 Nc5 15. g5
Nh5 16. Bxg7 Nxg7 17. b4 Nd3+ 18. Bxd3 exd3 19. Qxd3 f5 20. f4 Nh5 21. Kf2 Qg7
22. Rac1 Rae8 23. Qc3 Qd7 24. Rhd1 Rf7 25. Nf3 Rfe7 26. Rd3 Re4 27. Nd2 R4e7
28. a3 b6 29. b5 a5 30. Nf3 Re4 31. Nd4 Ng7 32. Nc6 Nh5 33. Kf3 Qf7 34. Nd4 Ng7
35. Ne2 Nh5 36. Kf2 Qe7 37. Qd2 Qd7 38. Rdc3 Qe7 39. Rg1 Qg7 40. Ng3 Nxg3 41.
Rxg3 h5 42. Rg1 Qe7 43. Rgc1 Kh7 44. Rd3 Kg8 45. Rcc3 Qg7 46. Kf3 Qd7 47. Rd4
Kh7 48. Qf2 Rxd4 49. exd4 Qe7 50. Re3 Qxe3+ 51. Qxe3 Rxe3+ 52. Kxe3 1/2-1/2

[Event "NB I. Maroczy csoport"]
[Site "Budapest"]
[Date "2023.10.29"]
[Round "3.3"]
[White "Peczely, Sebastian Zsombor"]
[Black "Feher, Gyula"]
[Result "0-1"]
[WhiteElo "2339"]
[BlackElo "2325"]
[PlyCount "97"]
[EventDate "2023.10.08"]
[EventType "team-tourn"]
[EventRounds "11"]
[EventCountry "HUN"]
[Source "chess.hu"]
[WhiteTeam "Maroczy SE I."]
[BlackTeam "Magyar Sakkvilag-SMS"]
[WhiteTeamCountry "HUN"]
[BlackTeamCountry "HUN"]

1. e4 c5 2. Nf3 e6 3. Nc3 d6 4. d4 cxd4 5. Nxd4 a6 6. Be3 b5 7. Qd2 Bb7 8. f3
Nd7 9. O-O-O Ne7 10. Nxe6 fxe6 11. Qxd6 Rc8 12. Qxe6 Rc6 13. Qb3 Qc7 14. Bxb5
axb5 15. Nxb5 Qe5 16. Rd2 Ba6 17. a4 Bxb5 18. axb5 Rc8 19. Rhd1 Nc5 20. Bxc5
Qxc5 21. b6 Rb8 22. b7 Qc7 23. Rd6 h5 24. e5 Rh6 25. e6 Nc6 26. Rd7 Qa5 27. Kb1
Be7 28. Qc4 Qb6 29. Qf4 Rxe6 30. Qf5 Ne5 31. Qxh5+ Nf7 32. Qg4 Bf6 33. b3 Qa6
34. c3 Re2 35. Qa4 Qxa4 36. bxa4 Bxc3 37. Rc7 Rb2+ 38. Ka1 R8xb7 39. Rxc3 Rxg2
40. Rd5 Ke7 41. a5 Rxh2 42. a6 Ra7 43. Re3+ Kf6 44. Ra3 Ke6 45. Rb5 Nd6 46. Rb6
Kd7 47. Rd3 Rh6 48. Re3 Rh5 49. f4 0-1

[Event "NB I. Maroczy csoport"]
[Site "Budapest"]
[Date "2023.10.29"]
[Round "3.4"]
[White "Farago, Sandor"]
[Black "Nestorovic, Lazar"]
[Result "1-0"]
[WhiteElo "2077"]
[BlackElo "2349"]
[PlyCount "101"]
[EventDate "2023.10.08"]
[EventType "team-tourn"]
[EventRounds "11"]
[EventCountry "HUN"]
[Source "chess.hu"]
[WhiteTeam "Magyar Sakkvilag-SMS"]
[BlackTeam "Maroczy SE I."]
[WhiteTeamCountry "HUN"]
[BlackTeamCountry "HUN"]

1. e4 Nc6 2. Nc3 d6 3. d4 g6 4. Nf3 Bg7 5. Be3 Nf6 6. h3 O-O 7. Qd2 a6 8. d5
Nb8 9. Bh6 e6 10. Bxg7 Kxg7 11. O-O-O e5 12. g4 Nbd7 13. Qe3 Qe8 14. Nh4 Nc5
15. Be2 b5 16. a3 Rb8 17. b4 Na4 18. Nxa4 bxa4 19. Nf5+ Kh8 20. Ng3 Rg8 21. g5
Nd7 22. h4 Rg7 23. h5 Rb6 24. Qc3 Qd8 25. f4 Nf8 26. Rdg1 c6 27. Kb1 cxd5 28.
exd5 Nd7 29. hxg6 fxg6 30. f5 Nf8 31. fxg6 Rxg6 32. Nh5 Bf5 33. Nf6 Rg7 34. Bd3
Bxd3 35. Qxd3 Qe7 36. Qf5 Rb7 37. g6 Rc7 38. Rg4 a5 39. bxa5 Rb7+ 40. Kc1 Qd8
41. Nxh7 Nxh7 42. Rxh7+ Rxh7 43. gxh7 Rxh7 44. a6 Rh1+ 45. Kb2 Rh4 46. Rxh4+
Qxh4 47. Qc8+ Kg7 48. Ka2 Qd4 49. Qc6 e4 50. Qb7+ Kf6 51. a7 1-0

[Event "NB I. Maroczy csoport"]
[Site "Budapest"]
[Date "2023.10.29"]
[Round "3.5"]
[White "Papp, Bence"]
[Black "Meszaros, Andras"]
[Result "1/2-1/2"]
[WhiteElo "2300"]
[BlackElo "2094"]
[PlyCount "31"]
[EventDate "2023.10.08"]
[EventType "team-tourn"]
[EventRounds "11"]
[EventCountry "HUN"]
[Source "chess.hu"]
[WhiteTeam "Maroczy SE I."]
[BlackTeam "Magyar Sakkvilag-SMS"]
[WhiteTeamCountry "HUN"]
[BlackTeamCountry "HUN"]

1. d4 d5 2. Nf3 c5 3. c4 dxc4 4. e4 e6 5. Bxc4 cxd4 6. Qxd4 Qxd4 7. Nxd4 a6 8.
a4 Nf6 9. f3 Bc5 10. Be3 Nc6 11. Nc2 Nb4 12. Nba3 Bxe3 13. Nxe3 Bd7 14. Nac2
Nxc2+ 15. Nxc2 Rc8 16. Ne3 1/2-1/2

[Event "NB I. Maroczy csoport"]
[Site "Budapest"]
[Date "2023.10.29"]
[Round "3.6"]
[White "Muranyi, Peter"]
[Black "Tubak, Daniel"]
[Result "0-1"]
[WhiteElo "2016"]
[BlackElo "2187"]
[PlyCount "64"]
[EventDate "2023.10.08"]
[EventType "team-tourn"]
[EventRounds "11"]
[EventCountry "HUN"]
[Source "chess.hu"]
[WhiteTeam "Magyar Sakkvilag-SMS"]
[BlackTeam "Maroczy SE I."]
[WhiteTeamCountry "HUN"]
[BlackTeamCountry "HUN"]

1. d4 Nf6 2. c4 e6 3. Nc3 Bb4 4. g3 O-O 5. Bg2 d5 6. cxd5 exd5 7. Nf3 c6 8. O-O
Bf5 9. Ne5 Bd6 10. Bf4 Re8 11. Qb3 Qb6 12. Qxb6 axb6 13. Rfe1 Nh5 14. f3 Nxf4
15. gxf4 f6 16. e4 Be6 17. Nd3 dxe4 18. fxe4 Bc4 19. e5 Bf8 20. Nf2 fxe5 21.
fxe5 Na6 22. Rad1 Nc7 23. Ng4 Bxa2 24. Be4 Bb3 25. Rd3 Rad8 26. Rh3 h6 27. Rg3
Kh8 28. Bg6 Re6 29. Bf7 Rxd4 30. Ne2 Re4 31. Bxe6 Bxe6 32. h3 Bb4 0-1

[Event "NB I. Maroczy csoport"]
[Site "Budapest"]
[Date "2023.10.29"]
[Round "3.7"]
[White "Nagy, Daniel"]
[Black "Bernei, Andras"]
[Result "1-0"]
[WhiteElo "2301"]
[BlackElo "2057"]
[PlyCount "63"]
[EventDate "2023.10.08"]
[EventType "team-tourn"]
[EventRounds "11"]
[EventCountry "HUN"]
[Source "chess.hu"]
[WhiteTeam "Maroczy SE I."]
[BlackTeam "Magyar Sakkvilag-SMS"]
[WhiteTeamCountry "HUN"]
[BlackTeamCountry "HUN"]

1. d4 d5 2. c4 e6 3. Nf3 Nf6 4. Nc3 Be7 5. Bf4 O-O 6. e3 c5 7. dxc5 Bxc5 8. a3
a6 9. cxd5 Nxd5 10. Nxd5 exd5 11. Bd3 g6 12. Rc1 Ba7 13. O-O Nc6 14. Qd2 Re8
15. Bxa6 Bxe3 16. Bxe3 Rxa6 17. Rfd1 Bg4 18. Qxd5 Qf6 19. Rd2 Ra5 20. Qd6 Re6
21. Qg3 Bxf3 22. Qxf3 Rf5 23. Qd1 Qh4 24. h3 h5 25. b4 Re4 26. Rd5 Ne7 27. Rd8+
Kh7 28. Bd4 g5 29. Qd3 Ng6 30. f3 Ref4 31. Bf2 Rxf3 32. Qxf3 1-0

[Event "NB I. Maroczy csoport"]
[Site "Budapest"]
[Date "2023.10.29"]
[Round "3.8"]
[White "Juhasz, Mark"]
[Black "Tesik, Csaba"]
[Result "0-1"]
[WhiteElo "1980"]
[BlackElo "2294"]
[PlyCount "102"]
[EventDate "2023.10.08"]
[EventType "team-tourn"]
[EventRounds "11"]
[EventCountry "HUN"]
[Source "chess.hu"]
[WhiteTeam "Magyar Sakkvilag-SMS"]
[BlackTeam "Maroczy SE I."]
[WhiteTeamCountry "HUN"]
[BlackTeamCountry "HUN"]

1. c4 Nf6 2. g3 c5 3. Bg2 d5 4. cxd5 Nxd5 5. Nc3 Nc7 6. d3 e5 7. Qb3 Nd7 8. Nf3
Be7 9. Nd5 Nxd5 10. Qxd5 Qc7 11. O-O O-O 12. Be3 h6 13. Rac1 Rb8 14. d4 Nf6 15.
Qb3 exd4 16. Nxd4 Bd7 17. Bf4 Bd6 18. Nb5 Bxb5 19. Bxd6 Qxd6 20. Qxb5 b6 21.
Rfd1 Qe7 22. e3 Rfd8 23. a4 Rxd1+ 24. Rxd1 Rd8 25. Qb3 g6 26. Bd5 Kg7 27. Qc3
Kh7 28. Qb3 Nxd5 29. Rxd5 Qe6 30. e4 Rxd5 31. exd5 Qe1+ 32. Kg2 Qe4+ 33. Qf3
Qxf3+ 34. Kxf3 Kg7 35. Ke4 Kf6 36. f4 Ke7 37. g4 Kd6 38. b3 a6 39. h3 b5 40.
axb5 axb5 41. h4 f6 42. h5 g5 43. fxg5 fxg5 44. Kf5 Kxd5 45. Kg6 c4 46. bxc4+
bxc4 47. Kxh6 c3 48. Kg7 c2 49. h6 c1=Q 50. h7 Qc3+ 51. Kg8 Ke4 0-1

[Event "NB I. Maroczy csoport"]
[Site "Budapest"]
[Date "2023.10.29"]
[Round "3.9"]
[White "Csizmadia, Laszlo"]
[Black "Torok, Tamas Titusz"]
[Result "1-0"]
[WhiteElo "2306"]
[BlackElo "1968"]
[PlyCount "133"]
[EventDate "2023.10.08"]
[EventType "team-tourn"]
[EventRounds "11"]
[EventCountry "HUN"]
[Source "chess.hu"]
[WhiteTeam "Maroczy SE I."]
[BlackTeam "Magyar Sakkvilag-SMS"]
[WhiteTeamCountry "HUN"]
[BlackTeamCountry "HUN"]

1. d4 d5 2. c4 Nc6 3. Nf3 Bg4 4. cxd5 Bxf3 5. dxc6 Bxc6 6. Nc3 e6 7. e4 Nf6 8.
f3 a6 9. Be3 Bb4 10. a3 Ba5 11. b4 Bb6 12. Qc2 h6 13. Bc4 Qe7 14. O-O O-O 15.
Rfd1 Rfd8 16. Qf2 e5 17. d5 Bxe3 18. Qxe3 Bd7 19. Rac1 Qd6 20. Nb1 Ne8 21. Bb3
a5 22. Nd2 b5 23. Qc5 axb4 24. axb4 g5 25. Rc3 Rdb8 26. Rb1 Rb7 27. Bc2 Rba7
28. Nb3 Ra3 29. Bd3 Qb6 30. Kf1 R8a7 31. Rbc1 Kg7 32. Qe7 Qd6 33. Qxd6 cxd6 34.
Na5 Rxc3 35. Rxc3 Kf6 36. Ke2 Nc7 37. Kd2 Na6 38. Nc6 Bxc6 39. Rxc6 Ke7 40. Kc3
Nc7 41. Kb3 Rb7 42. g3 f5 43. exf5 Nxd5 44. Be4 Nf6 45. Rxd6 Kxd6 46. Bxb7 g4
47. Kc3 gxf3 48. Bxf3 e4 49. Be2 Nd5+ 50. Kd4 Nxb4 51. Bxb5 Nd5 52. Bc4 e3 53.
Be2 Ne7 54. Ke4 Nd5 55. g4 Nc3+ 56. Kxe3 Ke5 57. Bf3 Nb5 58. Bc6 Nd4 59. Bd7
Nc2+ 60. Kf3 Nd4+ 61. Kg3 Ne2+ 62. Kh4 Nf4 63. g5 hxg5+ 64. Kxg5 Nd5 65. h4 Nf6
66. Be6 Ne8 67. Kg6 1-0

[Event "NB I. Maroczy csoport"]
[Site "Budapest"]
[Date "2023.10.29"]
[Round "3.10"]
[White "Borda, Lajos"]
[Black "Kocsmar, Akos"]
[Result "1/2-1/2"]
[WhiteElo "1979"]
[BlackElo "2071"]
[PlyCount "80"]
[EventDate "2023.10.08"]
[EventType "team-tourn"]
[EventRounds "11"]
[EventCountry "HUN"]
[Source "chess.hu"]
[WhiteTeam "Magyar Sakkvilag-SMS"]
[BlackTeam "Maroczy SE I."]
[WhiteTeamCountry "HUN"]
[BlackTeamCountry "HUN"]

1. e4 c6 2. d4 d5 3. exd5 cxd5 4. Bd3 Nc6 5. c3 Qc7 6. Ne2 Bg4 7. h3 Bd7 8. Bf4
e5 9. dxe5 Nxe5 10. Bxe5 Qxe5 11. Nd2 Nf6 12. Nf3 Qc7 13. Qc2 Bc5 14. Rc1 O-O
15. O-O Rfe8 16. Ned4 g6 17. Rfe1 Nh5 18. Qd2 a6 19. Rxe8+ Rxe8 20. Re1 Rxe1+
21. Qxe1 Nf4 22. Bf1 Bd6 23. Qd2 Ne6 24. Nxe6 fxe6 25. g3 b5 26. a4 bxa4 27.
Bxa6 Qb6 28. Qg5 Kg7 29. Ne5 Bxe5 30. Qxe5+ Kf7 31. Qf4+ Ke7 32. Qb4+ Qxb4 33.
cxb4 e5 34. f3 Kd6 35. Kf2 Kc6 36. h4 Bf5 37. f4 Kb6 38. Be2 exf4 39. gxf4 d4
40. Bc4 Be4 1/2-1/2

[Event "NB I. Maroczy csoport"]
[Site "Budapest"]
[Date "2023.10.29"]
[Round "3.11"]
[White "Kelemen, David"]
[Black "Kelemen, Gabor"]
[Result "1/2-1/2"]
[WhiteElo "2132"]
[BlackElo "2099"]
[PlyCount "62"]
[EventDate "2023.10.08"]
[EventType "team-tourn"]
[EventRounds "11"]
[EventCountry "HUN"]
[Source "chess.hu"]
[WhiteTeam "Maroczy SE I."]
[BlackTeam "Magyar Sakkvilag-SMS"]
[WhiteTeamCountry "HUN"]
[BlackTeamCountry "HUN"]

1. e4 c5 2. Nf3 d6 3. d4 cxd4 4. Nxd4 Nf6 5. Nc3 Nc6 6. Bc4 Qb6 7. Nde2 e6 8.
Bb3 a6 9. O-O Be7 10. Be3 Qc7 11. Ng3 b5 12. f4 O-O 13. a3 Na5 14. Kh1 Bb7 15.
f5 Nc4 16. Bxc4 Qxc4 17. Bg5 h6 18. Bxf6 Bxf6 19. Rf3 d5 20. Nh5 Be5 21. f6
dxe4 22. Rh3 Qd4 23. Qg4 Bxf6 24. Rg3 e3 25. Rf1 Qxg4 26. Nxf6+ gxf6 27. Rxg4+
Kh7 28. Rxf6 Rac8 29. Kg1 Rc4 30. Rg3 Rc5 31. Rxe3 Kg7 1/2-1/2

[Event "NB I. Maroczy csoport"]
[Site "Budapest"]
[Date "2023.10.29"]
[Round "3.12"]
[White "Kajtar, Dora"]
[Black "Markus, Molli Amina"]
[Result "1-0"]
[WhiteElo "1631"]
[BlackElo "1934"]
[PlyCount "67"]
[EventDate "2023.10.08"]
[EventType "team-tourn"]
[EventRounds "11"]
[EventCountry "HUN"]
[Source "chess.hu"]
[WhiteTeam "Magyar Sakkvilag-SMS"]
[BlackTeam "Maroczy SE I."]
[WhiteTeamCountry "HUN"]
[BlackTeamCountry "HUN"]

1. e4 c5 2. Nf3 Nc6 3. g3 g6 4. Bg2 Bg7 5. O-O d6 6. d3 e6 7. Nbd2 Nge7 8. Re1
O-O 9. Nf1 Rb8 10. Rb1 b5 11. Be3 Qc7 12. Qc1 a5 13. Bh6 Nd4 14. Nxd4 cxd4 15.
Bxg7 Kxg7 16. h4 Ba6 17. Nh2 Rfc8 18. Ng4 Ng8 19. h5 Qxc2 20. h6+ Kf8 21. Qf4
e5 22. Qf3 Qc7 23. Nf6 Nxh6 24. Bh3 Rd8 25. Rbc1 Qa7 26. Nd5 Rb7 27. Qf6 Qb8
28. Rc6 Ra7 29. Rec1 Kg8 30. Rc7 Rxc7 31. Rxc7 Kf8 32. Qh8+ Ng8 33. Qxh7 Qxc7
34. Nxc7 1-0

[Event "NB I. Maroczy csoport"]
[Site "Nyiregyhaza"]
[Date "2023.10.29"]
[Round "3.1"]
[White "Balazs, Gabor"]
[Black "Varga, Peter"]
[Result "1/2-1/2"]
[WhiteElo "2374"]
[BlackElo "2366"]
[PlyCount "40"]
[EventDate "2023.10.08"]
[EventType "team-tourn"]
[EventRounds "11"]
[EventCountry "HUN"]
[Source "chess.hu"]
[WhiteTeam "Neumann J. Egyetem"]
[BlackTeam "NYVSC "]
[WhiteTeamCountry "HUN"]
[BlackTeamCountry "HUN"]

1. d4 d5 2. c4 c6 3. Nf3 Nf6 4. Nc3 dxc4 5. a4 Bf5 6. e3 e6 7. Bxc4 Bb4 8. O-O
O-O 9. Qe2 Bg4 10. Rd1 Nbd7 11. e4 Qc7 12. h3 Bxf3 13. Qxf3 e5 14. d5 cxd5 15.
Bxd5 Bxc3 16. Qxc3 Qxc3 17. bxc3 Nc5 18. Ba3 Rfc8 19. Bxc5 Rxc5 20. Bxb7 Rb8
1/2-1/2

[Event "NB I. Maroczy csoport"]
[Site "Nyiregyhaza"]
[Date "2023.10.29"]
[Round "3.2"]
[White "Okhotnik, Vladimir"]
[Black "Marosi, Levente"]
[Result "1/2-1/2"]
[WhiteElo "2324"]
[BlackElo "2289"]
[PlyCount "86"]
[EventDate "2023.10.08"]
[EventType "team-tourn"]
[EventRounds "11"]
[EventCountry "HUN"]
[Source "chess.hu"]
[WhiteTeam "NYVSC "]
[BlackTeam "Neumann J. Egyetem"]
[WhiteTeamCountry "HUN"]
[BlackTeamCountry "HUN"]

1. e4 c6 2. Nf3 d5 3. Nc3 Nf6 4. exd5 cxd5 5. d4 Nc6 6. Ne5 e6 7. Bb5 Bd7 8.
O-O Nxe5 9. dxe5 Bxb5 10. Nxb5 Nd7 11. Re1 Qb6 12. Nd4 Rc8 13. c3 a6 14. a4 Qc7
15. Qg4 Nc5 16. Bg5 h6 17. Bh4 g5 18. Bg3 Ne4 19. Qh5 Qe7 20. f3 Nxg3 21. hxg3
Qd7 22. f4 gxf4 23. gxf4 Bc5 24. f5 Bxd4+ 25. cxd4 Rc2 26. fxe6 Qxe6 27. Rac1
Rxc1 28. Rxc1 Rg8 29. Rc7 Rg4 30. Rxf7 Qg6 31. Qxg6 Rxg6 32. Rxb7 Rg4 33. Rb6
Rxd4 34. Rxa6 Rb4 35. Rxh6 Rxa4 36. Re6+ Kf7 37. Rb6 Rc4 38. e6+ Ke7 39. Kf2 d4
40. Ra6 d3 41. Ra1 Rc2+ 42. Kf3 Rxb2 43. Rd1 d2 1/2-1/2